000 00225nam a22000857a 4500
008 161214b xxu||||| |||| 00| 0 eng d
100 _92055
_aNational Book Trust
245 _aNehru and Azad on 1857
260 _aNew Delhi
_bNBT
_c2008
999 _c4926
_d4926